• 首页
  • 本馆介绍
  • 公告通知
  • 最新文献
  • 馆藏检索
  • 电子资源
  • 读者导购
  • 参考咨询
  • 我的图书馆
  • 登录
  • 详细信息显示
  • 放入我的书架
  • 预约/预借图书
  • 作者相关作品
  • 分类相关作品
  • 丛书相关作品
  • 出版社相关作品

书目信息

  • 表格格式
  • 工作单格式
  • 卡片格式
题名:
莱索托,博茨瓦纳及斯威士兰
    
 
作者: 史蒂文斯 , Steuens 著 ;山东大学 译
分册:  
出版信息: 济南   山东人民出版社  1979
页数: 542页
开本: 20cm
丛书名:
单 册:
中图分类: K948.1 , K470.0
科图分类:
主题词: 历史-莱索托 , 历史-斯威士兰 , 地理 , 历史-博茨瓦纳
电子资源:
ISBN:
000 01045nam0 2200361 45
001 0179003839
005 20060913102926.28
010    @dCNY1.66
091    @a11099.195
100    @a19950725d1979 em y0chiy0121 ea
101 1  @achi@ceng
102    @aCN@b370000
105    @ay z 000yy
200 10 @a莱索托,博茨瓦纳及斯威士兰@Alai suo tuo bo ci wa na ji si wei shi lan@f()史蒂文斯(R.P.Stevens)著@g山东大学翻译组译
210    @a济南@c山东人民出版社@d1979
215    @a542页@d20cm
300    @a书名原文:Lesotho,Botswana,& Swaziland
300    @a内部读物
510 1  @aLesotho,Botswana,& Swaziland@zeng
606    @a历史-莱索托
606    @a历史-斯威士兰
606 0  @a地理
606    @a历史-博茨瓦纳
607    @a斯威士兰@x历史
607    @a博茨瓦纳@x历史
607    @a莱索托@x历史
690    @aK948.1
690    @aK470.0@v3
701  1 @a史蒂文斯@Ashi di wen si@bR.P.@4著
701 A1 @aSteuens@bR.P.@4著
712 02 @a山东大学@Ashan dong da xue@4译
801  0 @aCN@bNLC@c20060913
905    @f1@b19577@dK948.1@e99
    
    莱索托,博茨瓦纳及斯威士兰/()史蒂文斯(R.P.Stevens)著/山东大学翻译组译.-济南:山东人民出版社,1979
    542页;20cm
    书名原文:Lesotho,Botswana,& Swaziland.-内部读物
    
    ISBN :CNY1.66
    
●
相关链接 在E读中查询图书 在五车中查询图书 在当当中查询图书 在豆瓣中查询图书


正题名:莱索托,博茨瓦纳及斯威士兰     索取号:K948.1/99         预约/预借

序号 登录号 条形码 馆藏地/架位号 状态 备注
1 0019577   001925108   密集书库/ [索取号:K948.1/99] 在馆    
2 0472254   204722540   密集书库/ [索取号:K948.1/99] 在馆    
唐山师范学院图书馆 欢迎您!
大连网信软件有限公司© 版权所有